Państwa z gier Assassin's Creed - Statystyki

Ogólne statystyki
  • Ten quiz został rozwiązany 388 razy
    342 od ostatniego zresetowania
  • Średni wynik to 22 z 31
Statystyki odpowiedzi
Hint Odpowiedź % Poprawnych
Europa Włochy
95%
Afryka Egipt
93%
Europa Francja
92%
Ameryka Północna Stany Zjednoczone
92%
Europa Grecja
91%
Europa Wielka Brytania
91%
Europa Norwegia
89%
Azja Chiny
88%
Azja Rosja
83%
Azja Indie
80%
Ameryka Północna Kuba
80%
Ameryka Północna Kanada
79%
Azja Turcja
79%
Azja Irak
76%
Azja Izrael
73%
Azja Syria
71%
Europa Hiszpania
69%
Ameryka Południowa Brazylia
68%
Ameryka Północna Meksyk
66%
Europa Irlandia
64%
Europa Portugalia
64%
Ameryka Północna Haiti
63%
Ameryka Północna Jamajka
62%
Europa Watykan
60%
Afryka Libia
58%
Ameryka Północna Bahamy
57%
Ameryka Południowa Kolumbia
56%
Ameryka Północna Panama
41%
Azja Cypr
37%
Ameryka Północna Saint Lucia
24%
Afryka Wyspy Świętego Tomasza i Książęca
23%
Nie znaleziono quizów pasujących do podanych kryteriów
Rozkład punktacji
Procent ludzi z każdym wynikiem
Percentyl według liczby udzielonych odpowiedzi
Twoja historia wyników
Nie rozwiązałeś tego quizu od ostatniego zresetowania